00553nam a2200157 a 4500008004100000020001800041050001500059100002400074245010800098260005200206300002100258350001000279650002900289650003900318650003800357151102s2009 ||||||||||||||||| || u a9780443068492 aRD 731 Duc aDuckworth, Andrew D10aOrthopaedics, trauma and rheumatologycBy Andrew D. Duckworth, Daniel E. Porter [and] Stuart H. Ralston aEdinburghbChurchill Livingstone/Elsevierc2009 axii, 254p.: ill. a40.96 aMUSCULOSKELETAL DISEASES aMUSCULOSKELETAL SYSTEM -- INJURIES aMUSCULOSKELETAL DISEASES--THERAPY